000 01309nam0a2200361 4500
001 RU\NLR\bibl\559204
005 20260406145953.0
010 _a5-329-01040-3
_910000
021 _aRU
_b2004-19676
_91003
035 _aRSL-KNO-002419734
035 _a(NLR Aleph) 000551335
090 _a1474453
_c1474453
100 _a20040408d2004 |||y0rusy50 ca
101 0 _arus
102 _aRU
105 _aa |||||||||
106 _ar
200 1 _aКруглый год
_e[Стихи
_eДля дошк. возраста (родители читают детям)]
_fСамуил Маршак
_g[Худож. А. Борисов]
210 _aМ.
_cОНИКС 21 век
_d2004
_eДмитров : ФГУП "Фабрика офсетной печати j 2"
215 _a9, [5] с.
_cцв. ил.
_d21
225 1 _aДетская библиотечка
610 0 _aДетская литература
686 _aШ9(2)6=Р70-53
_2rubbk
686 _aШ9(2)60=Р7-5
700 1 _4070
_8rus
_7ca
_aМаршак
_bС. Я.
_f1887-1964
_gСамуил Яковлевич
_3RU\NLR\auth\774792
_9114767
801 0 _aRU
_bRuMoRKP
_c20040408
_gPSBO
801 1 _aRU
_bRuMoRGB
_c20040408
801 2 _aRU
_bNLR
_c20041006
_gPSBO
942 _cBOOK
980 _aNB